Adm. Belmiro Siqueira (Record no. 135255)

MARC details
000 -LÍDER
campo de controle de tamanho fixo 00614 a2200193 4500
001 - NÚMERO DE CONTROLE
campo de controle 135255
020 ## - ISBN - INTERNATIONAL STANDARD BOOK NUMBER
ISBN - International Standard Book Number 85-99386-01-8
040 ## - FONTE DA CATALOGAÇÃO
Instituição que transcreveu o registro Leonardo Da Vinci
041 ## - CÓDIGO DE IDIOMA
Código do idioma do texto/trilha sonora ou título diferente Português
082 ## - CDD - CLASSIFICAÇÃO DECIMAL DE DEWEY
Número de Classificação 658 S628a
Número do exemplar S628a
100 ## - ENTRADA PRINCIPAL--NOME PESSOAL
Nome pessoal SIQUEIRA, Belmiro
245 ## - TÍTULO
Título Adm. Belmiro Siqueira
Restante do título patrono dos administradores
260 ## - PUBLICAÇÃO, DISTRIBUIÇÃO, ETC.
Nome do editor, distribuidor, etc. CRA-RJ
Data da publicação, distribuição, etc. 2005
Local de publicação, distribuição, etc. Rio de Janeiro
300 ## - DESCRIÇÃO FÍSICA
Extensão 55
362 ## - DATAS DE PUBLICAÇÃO E/OU DESIGNAÇÃO SEQUENCIAL
Datas de publicação e/ou designação sequencial 20050000
500 ## - NOTA GERAL
Nota geral Conselho Regional de Administração
-- Coordenação de Adilson de Almeida, Leonardo R. Fuerth
-- Colaboração de Jovelino G Pires
697 ## - ENTRADA DE ASSUNTO LOCAL--ENTIDADE COLETIVA (RLIN)
Nome corporativo ou nome da jurisdição Administração
-- Aprendizagem ética
-- FIPEN
942 ## - ELEMENTOS DE ENTRADA ADICIONADOS (KOHA)
Tipo de material Koha Livros
Holdings
Situação do descarte Situação das perdas Situação física Não pode ser emprestado Biblioteca de origem Biblioteca atual Data de aquisição Total de empréstimos Número de chamada completo Código de barras Data de último acesso Data do preço efetivo Tipo de material Koha
        Leonardo Da Vinci - Osasco Leonardo Da Vinci - Osasco 27/03/2024   658 S628a O009947 27/03/2024 27/03/2024 Livros